000 00528ntaaa2200193 4500
003 01
005 20251027202841.0
008 0714s1973 ag 01
040 _aAR-BaBN
_bspa
_cAR-BaBN
_eaacr
_dRIC
082 _a268.6370 W88
100 _aWoolston, C. Herbert
_929097
245 _aSeeing truth
250 _a1 ed.
260 _aPhiladelphia :
_bPraise Publishing company,
_cc1910
300 _a205 p
500 _aA book of object lessons with magical and mechanical effects
650 _alecciones objetivas
942 _cBK
999 _c23866
_d23866